000 00642nam a22002417a 4500
003 UA-OsUOA
001 38048
007 ta
008 20060426b un ||||| |||| 00| 0 ukr d
100 _aАліг'єрі Д.
090 _a821.161.2
_bА50
942 _cBK
040 _aUA-OsUOA
_bukr
_cUA-OsUOA
_dUA-OsUOA
245 _aБожественна комедія
_bпоема
300 _a607 с.
955 _a2
041 _aukr
080 _a821.161.2
020 _a966-03-2288-7
260 _aХарків
_bФоліо
_c2004
650 7 _a82 Література. Літературознавство
_2UDC
999 _c324211
_d324211